| 000 | 00732nam a2200193 a 4500 | ||
|---|---|---|---|
| 001 | 000023667 | ||
| 005 | 20241009100000.0 | ||
| 008 | 101217s1992 gw r 000 0 spa d | ||
| 040 |
_aDO-SdBNP _bspa _cBNPHU |
||
| 082 |
_a302.2 _bK96d |
||
| 100 | 1 |
_aKunczik, Michael _d1946- _948759 |
|
| 245 | 1 | 0 |
_aDesarrollo y comunicación : _bsobre la importancia de la comunicacion en el proceso de desarrollo / _cMichael Kunczik ; Tradución del inglés Estela Barandiarán de Cockx. |
| 260 |
_aBonn, Alemania : _bFundación Friedrich-Ebert-Stiftung, _c1992. |
||
| 300 |
_a87 p. ; _c21 cm. |
||
| 650 | 0 |
_aComunicación _9378 |
|
| 650 | 0 |
_aDesarrollo de la comunidad _9453 |
|
| 700 | 1 |
_aBarandiarán de Cockx, Estela _etr. _948760 |
|
| 049 | _aBNGR | ||
| 999 |
_c23163 _d23163 |
||